Loading...

Chithr phalak /

Bibliographic Details
Main Author: Umrut
Format: Printed Book
Language:Hindi
Published: Has Prakashan , 1964.
Subjects:
LEADER 00459nam a2200157Ia 4500
008 150624b xxu||||| |||| 00| d hin d
082 |a 862.84 
100 |a Umrut 
245 |c Umrut  |a Chithr phalak / 
260 |b Has Prakashan ,  |c 1964. 
300 |a 126 p. 
546 |a In Hindi. 
650 |v Drama 
942 |c BK 
999 |c 89593  |d 89593 
952 |0 1  |1 0  |4 0  |6 862_840000000000000_SAR_H  |7 0  |9 89537  |a UL  |b UL  |c ST2  |d 1998-09-15  |l 0  |o 862.84 SAR H  |p 25928  |r 2012-10-27  |w 2012-10-27  |y BK